Statistiche per Atalanta - Top 10 marcatori per stagione

Clicka qui per fare il quiz!

Statistiche generali

  • Questo quiz è stato fatto 48 volte
  • Il punteggio medio è 27 su 58

Statistiche sulle risposte

Risposta% Corretto
Ademola Lookman
100%
Josip Ilicic
100%
Luis Muriel
100%
Alejandro Gomez
97%
Duvan Zapata
97%
Mario Pasalic
94%
Rasmus Hojlund
94%
Robin Gosens
94%
Teun Koopmeiners
94%
Marten De Roon
91%
Aleksei Miranchuk
86%
Berat Djimsiti
86%
German Denis
83%
Remo Freuler
83%
Davide Zappacosta
80%
Rafael Toloi
80%
Hans Hateboer
74%
Ruslan Malinovskyi
74%
Joakim Maehle
71%
Franck Kessie
69%
José Luis Palomino
60%
Andrea Conti
57%
Bryan Cristante
54%
Mattia Caldara
51%
Mauricio Pinilla
51%
Andrea Petagna
49%
Giacomo Bonaventura
46%
Gianluca Mancini
43%
Cristian Romero
40%
Timothy Castagne
40%
Maxi Moralez
37%
Musa Barrow
34%
Jasmin Kurtic
31%
Jeremie Boga
29%
Andrea Masiello
26%
Andreas Cornelius
26%
Marco D'Alessandro
23%
Carlos Carmona
20%
Guglielmo Stendardo
20%
Cristian Raimondi
17%
Emiliano Rigoni
17%
Marco Borriello
17%
Guido Marilungo
14%
Simone Tiribocchi
14%
Luca Cigarini
11%
Marcelo Estigarribia
11%
Marko Livaja
11%
Daniele Baselli
9%
Federico Peluso
9%
Giuseppe Biava
9%
Giuseppe De Luca
9%
Davide Brivio
6%
Ezequiel Schelotto
6%
Manolo Gabbiadini
6%
Luigi Giorgi
3%
Richmond Boakye
3%
Serge Gakpé
3%
Moussa Koné
0%

Distribuzione punteggi

Percentile per numero di risposta

Percentuale di utenti per punteggio

I tuoi punteggi nel tempo

Non hai fatto questo quiz